| 000 | 00760nam a22002175i 4500 | ||
|---|---|---|---|
| 001 | 172283 | ||
| 003 | ES-MaACL | ||
| 005 | 20230906214848.0 | ||
| 008 | 090623s2005 sp |||| | spa d | ||
| 080 | _a929 Masarnau, Santiago | ||
| 080 | _a267.25 | ||
| 100 | 1 |
_aCandelas, María Teresa. _9140827 |
|
| 245 | 1 | 0 |
_aSantiago Masarnau Fernández _b: testamento espiritual / _cpor María Teresa Candelas. |
| 260 |
_a[S.l.] : _bSociedad de San Vicente Paul, Consejo Superior, _c[2005?] |
||
| 300 |
_a21 p. ; _c21 cm. |
||
| 600 | 1 | 4 |
_aMasarnau, Santiago, _d1805-1882 _978669 |
| 610 | 1 | 4 |
_aSociedad de San Vicente de Paúl. _96693 |
| 710 | 2 |
_aSociedad de San Vicente de Paúl. _96693 |
|
| 852 |
_aES-MaACL _j2251-F-14 _9R.145067 |
||
| 999 |
_c172283 _d172283 |
||